000
00249nam a2200097Ia 4500
082
_a
J BER
245
0
_a
VUUR VIR 'N DONKER AAND
100
_a
BERGH, Rene Kaapstad, 1984
_9
47336
942
_c
BK
008
210817s9999 xx 000 0 und d
999
_c
154817
_d
154816